书目信息 |
| 题名: |
大学英语听说教程 第三册
|
|
| 作者: | 张学君 , 王达坤 主编 | |
| 分册: | ||
| 出版信息: | 哈尔滨 哈尔滨工业大学出版社 1996.08 |
|
| 页数: | 72页 | |
| 开本: | 32开 | |
| 丛书名: | ||
| 单 册: | ||
| 中图分类: | H319.9 | |
| 科图分类: | ||
| 主题词: | 英语 | |
| 电子资源: | ||
| ISBN: | 7-5603-1173-3 | |
| 000 | 00632nam0 2200205 45 | |
| 001 | 0009100837 | |
| 005 | 20000910085100.8 | |
| 010 | @a7-5603-1173-3@d4.50元 | |
| 100 | @a20000910d1996 km y0chiy0120 ea | |
| 101 | 0 | @achi |
| 105 | @a z 000yy | |
| 200 | 1 | @a大学英语听说教程 第三册@ADa Xue Ying Yu Ting Shuo Jiao Cheng Di San Ce@f张学君,王达坤主编@FZhang Xue Jun,Wang Da Kun Zhu Bian |
| 210 | @a哈尔滨@c哈尔滨工业大学出版社@d1996.08 | |
| 215 | @a72页@d32开 | |
| 606 | 0 | @a英语 |
| 690 | @aH319.9@v3 | |
| 701 | 0 | @a张学君@4主编 |
| 701 | 0 | @a王达坤@4主编 |
| 801 | @aCN@bPftUser@c20000910 | |
| 905 | @dH319.9@eZH360:3@b133033-037@f5 | |
| 大学英语听说教程 第三册/张学君,王达坤主编.-哈尔滨:哈尔滨工业大学出版社,1996.08 |
| 72页;32开 |
| ISBN 7-5603-1173-3:4.50元 |
| ● |
| 相关链接 |
|
|
|
正题名:大学英语听说教程第三册
索取号:H319.9/ZH360:3
 
预约/预借
| 序号 | 登录号 | 条形码 | 馆藏地/架位号 | 状态 | 备注 |
| 1 | 133033 | 201330336 | 语言库209/209语言库 114排2列5层/ [索取号:H319.9/ZH360:3] | 在馆 | |
| 2 | 133034 | 201330345 | 语言库209/209语言库 114排2列5层/ [索取号:H319.9/ZH360:3] | 在馆 | |
| 3 | 133035 | 201330354 | 社科二线400B/209语言库 44排7列5层/ [索取号:H319.9/ZH360:3] | 在馆 | |
| 4 | 133036 | 201330363 | 语言库209/209语言库 114排2列5层/ [索取号:H319.9/ZH360:3] | 在馆 | |
| 5 | 133037 | 201330372 | 语言库209/209语言库 114排2列5层/ [索取号:H319.9/ZH360:3] | 在馆 |